| 000 | 00378nam a2200157Ia 4500 | ||
|---|---|---|---|
| 008 | 210716s2007 xx 000 0 und d | ||
| 020 | _a8131713512 | ||
| 041 | _aeng | ||
| 082 | _a005.133 KOCS | ||
| 100 | _aKochan, Stephen G. | ||
| 245 | _aProgramming in c. | ||
| 250 | _a3 | ||
| 260 |
_aNew Delhi _bPearson Education _c2007 |
||
| 300 | _axvi,513 | ||
| 650 | _aC Programming | ||
| 999 |
_c188529 _d188529 |
||